Responses for show #6398 - Wednesday, June 13, 2012

Contestants

[<< previous game]

Colleen McCormick, a graduate student of history from Odenton, Maryland

Steve Van Noord, a third grade teacher from Bellflower, California

Kathy Wright, a bookseller from Seattle, Washington (whose 1-day cash winnings total $38,398)

[next game >>]

Jeopardy! Round responses

THE METER IS RUNNING
(Alex: Isn't it always?)
MAKES SENSE--MOVIES EDITION
LEFTOVERS
ANIMAL LOGOS
"WED" BLISS
THE NEXT STATE CAPITAL ALPHABETICALLY
(Alex: We'll give you a state capital. Keep in mind that the next one alphabetically will start with the same letter of the alphabet.)
    $200 8
a thermometer

Kathy
    $200 13
Rex

Steve
    $200 6
a monk

Colleen
    $200 5
the Playboy bunny

Colleen
    $200 1
wedlock

Colleen
    $200 26
Boston

Triple Stumper
    $400 9
the lungs

Colleen
    $400 14
(Colleen: Who is John Johnson?)
...
(Alex: Oh, shame
on the three of you!
Who is [*]?)

Howard Johnson

Colleen
Triple Stumper
    $400 7
(William) Gilbert

Colleen
    $400 10
Turtle Wax

Steve
    $400 2
Wednesday

Kathy
    $400 27
Austin

Colleen
    $600 20
the diameter

Kathy
    $600 15
a Jeep

Colleen
    $600 16
(Colleen: What is dictation?)

shorthand

KathyColleen
    $600 11
Bacardi

Kathy
    $600 3
Wedgwood

Steve
    $600 28
Little Rock

Triple Stumper
    $800 21
a metronome

Steve
    $800 18
Crimson Tide

Steve
    $800 23
Lake Placid

Kathy
    $800 12
Firefox

Colleen
    $800 4
wedge issues (a wedge accepted)

Steve
    $800 29
(Colleen: [Hesitantly] How about $800?)
(Alex: Okay. A lot of confidence, huh?)
[Laughter]
...
(Colleen: [No response])

Montpelier, Vermont

Colleen
    $1000 22
a pedometer

Kathy
    $1000 19
the Brooklyn Bridge

Colleen
    $1000 24
the Mary Celeste

Steve
    $1000 25
Snapfish

Triple Stumper
    $1000 17
the Weddell Sea

Kathy
    $1000 30
(Alex: It's gonna begin
with the same letter.)

Juneau, Alaska

Steve

Scores at the first commercial break (after clue 15):

Kathy Steve Colleen
$1,200 $2,000 $2,400

Scores at the end of the Jeopardy! Round:

Kathy Steve Colleen
$5,200 $5,600 $2,400

Double Jeopardy! Round responses

PUP-PARAZZI
(Alex: Uh-oh.)
THE CRUSADES
(Alex: That's better.)
UPDATING THE NOVEL
VERB-AL NAMES
(Alex: Each correct response will be a verb that is also a common first name.)
AMERICAN BALLET
"Q"-LINARY TERMS
    $400 21
Cindy Crawford

Kathy
    $400 4
a cross

Colleen
    $400 1
The Lord of the Rings

Colleen
    $400 6
to bob

Kathy
    $400 26
Billy the Kid

Colleen
    $400 16
(Alex: Yep. Darn good, too!)

a quesadilla

Colleen
    $800 22
Jeff Probst

Triple Stumper
    $1,600 5
(Colleen: The Holy [*]?
What is the Holy--the [*]?)

Lance

Colleen
    $800 2
Dracula

Kathy
    $800 7
sue

Steve
    $800 27
[The end-of-round signal sounds.]

("Jelly Roll") Morton

Colleen
    $800 17
quiche Lorraine

Kathy
    $1200 23
(Steve: Who is Isiah Thomas?)
...
(Alex: Who is [*], with less than a minute to go now, Kathy.)

Dennis Rodman

Steve
Triple Stumper
    $1200 11
"kill them all"

Steve
    $1200 3
The Good Earth

Colleen
    $1200 8
mark

Kathy
    $1200 18
a quince

Kathy
    $1600 24
(Steve: Who is Rose Marie?)

Betty White

KathySteve
    $1600 12
Jaffa (Joppa accepted)

Steve
    $2,000 14
The Wind in the Willows

Colleen
    $1600 9
jimmy

Kathy
    $1600 19
quahogs

Kathy
    $2000 25
Elizabeth Taylor

Steve
    $2000 13
Barbarossa

Colleen
    $2000 15
the Lord of the Flies

Colleen
    $2000 10
grant

Colleen
    $2000 20
the quill

Triple Stumper

Scores at the end of the Double Jeopardy! Round:

Kathy Steve Colleen
$14,800 $8,400 $15,600

[wagering suggestions for these scores]

Final Jeopardy! Round responses

POLITICAL TERMS
SteveWhat is a dark horse
$400
KathyWhat is also rans?
$6,000
ColleenWhat are back runners
$14,801
also rans

Final scores:

Kathy Steve Colleen
$20,800 $8,000 $799
2-day champion: $59,198 2nd place: $2,000 3rd place: $1,000

Game dynamics:

Coryat scores:

Kathy Steve Colleen
$14,800 $8,400 $15,200
17 R,
0 W
12 R,
2 W
20 R
(including 2 DDs),
3 W
(including 1 DD)

Combined Coryat: $38,400

The J! Archive is created by fans, for fans. The Jeopardy! game show and all elements thereof, including but not limited to copyright and trademark thereto, are the property of Jeopardy Productions, Inc. and are protected under law. This website is not affiliated with, sponsored by, or operated by Jeopardy Productions, Inc. Join the discussion at JBoard.tv.